书目信息 |
| 题名: |
分类目录主题索引编制法
|
|
| 作者: | 肖自力 编译 | |
| 分册: | ||
| 出版信息: | 北京 书目文献出版社 1980 |
|
| 页数: | 193页 | |
| 开本: | 19cm | |
| 丛书名: | ||
| 单 册: | ||
| 中图分类: | G254.21 | |
| 科图分类: | ||
| 主题词: | 分类目录-主题索引--编制 , 主题索引-分类目录--编制 , 图书馆学 , 图书馆事业 | |
| 电子资源: | ||
| ISBN: | ||
| 000 | 00751nam0 2200265 45 | |
| 001 | 0180002287 | |
| 005 | 20060818105603.20 | |
| 010 | @dCNY0.65 | |
| 091 | @a7201.11 | |
| 100 | @a19950630d1980 em y0chiy0121 ea | |
| 101 | 0 | @achi |
| 102 | @aCN@b110000 | |
| 105 | @ay z 000yy | |
| 200 | 10 | @a分类目录主题索引编制法@Afen lei mu lu zhu ti suo yin bian zhi fa@f肖自力等编译 |
| 210 | @a北京@c书目文献出版社@d1980 | |
| 215 | @a193页@d19cm | |
| 606 | @a分类目录-主题索引@x编制 | |
| 606 | @a主题索引-分类目录@x编制 | |
| 606 | 0 | @a图书馆学 |
| 606 | 0 | @a图书馆事业 |
| 690 | @aG254.21 | |
| 701 | 0 | @a肖自力@Axiao zi li@4编译 |
| 801 | 2 | @aCN@bNLC@c20060818 |
| 801 | 0 | @aCN@b上海图书馆@c20060802 |
| 905 | @f3@b36489-491@dG254.21@e10@b82181-182@f2 | |
| 分类目录主题索引编制法/肖自力等编译.-北京:书目文献出版社,1980 |
| 193页;19cm |
| ISBN :CNY0.65 |
| ● |
| 相关链接 |
|
|
|
|
正题名:分类目录主题索引编制法
索取号:G254.21/10
 
预约/预借
| 序号 | 登录号 | 条形码 | 馆藏地/架位号 | 状态 | 备注 |
| 1 | 0036489 | 000383686 | 密集书库/ [索取号:G254.21/10] | 在馆 | |
| 2 | 0036490 | 000501978 | 密集书库/ [索取号:G254.21/10] | 在馆 | |
| 3 | 0036491 | 000501987 | 密集书库/ [索取号:G254.21/10] | 在馆 | |
| 4 | 0082181 | 000383695 | 密集书库/ [索取号:G254.21/10] | 在馆 | |
| 5 | 0082182 | 000383702 | 密集书库/ [索取号:G254.21/10] | 在馆 | |
| 6 | 0082183 | 000501870 | 密集书库/ [索取号:G254.21/10] | 在馆 | |
| 7 | 0082184 | 000501889 | 密集书库/ [索取号:G254.21/10] | 在馆 | |
| 8 | 0082185 | 000383677 | 第一样本阅览室/ [索取号:G254.21/10] | 在馆 | |
| 9 | 0150203 | 000501898 | 密集书库/ [索取号:G254.21/10] | 在馆 | |
| 10 | 0150204 | 000501905 | 密集书库/ [索取号:G254.21/10] | 在馆 | |
| 11 | 0439961 | 204399613 | 密集书库/ [索取号:G254.21/10] | 在馆 | |
| 12 | 0441951 | 204419511 | 密集书库/ [索取号:G254.21/10] | 在馆 | |
| 13 | 0465700 | 204657004 | 密集书库/ [索取号:G254.21/10] | 在馆 | |
| 14 | 0465719 | 204657193 | 密集书库/ [索取号:G254.21/10] | 在馆 | |
| 15 | 0465720 | 204657200 | 密集书库/ [索取号:G254.21/10] | 在馆 |